000 00357nam a2200133Ia 4500
008 240624s9999 xx 000 0 und d
041 _aeng
082 _a020 DEW
100 _aDEWEY BARBARA I
245 _aTRANSFORMING RESEARCH LIBRARIES FOR THE
260 _c2010
_aOxford
_bChandos Publishing
300 _axxii, : 183 : p. : cm. ; 23
365 _cGBP
_b28
999 _c22651
_d22651